000 00684nam a2200229Ia 4500
003 OSt
005 20220928132717.0
006 a|||||r|||| 00| 0
007 ta
008 220927b |||||||| |||| 00| 0 eng d
024 _a90153
037 _cReference Collections
040 _aSDCL
_cSDCL
_beng
041 _2eng
_aeng
082 _aS:86k, P2.1.-.2 RR
100 _aHersen Michel Ed.
245 0 _aEncyclopedia of Psychotherapy.
260 _aAmsterdam
_bAcademic Press
_c2002
700 _a Sledge William Ed.
_9482695
942 _hS:86k, P2.1.-.2 RR
_cREF
_2CC
999 _c795484
_d795484